00425nam a22001457a 450000500170000000800410001702000150005808200210007324500640009426000440015830000180020265000130022065000180023370000280025120240311061131.0240311b |||||||| |||| 00| 0 eng d a9559062417 222a323.4.bSRI. aSri Lanka :bState of human rights /cLaw & Society trust. aColombo :bLaw & Society Trust /c1995 axvii, 313 p., aNational aHuman Rights. aNissan, Elizabeth.eedt